guess the taylor swift song #5 - Statistics

General Stats
  • This quiz has been taken 16 times
  • The average score is 158 of 269
Answer Stats
Answer % Correct
the
100%
All
80%
all
80%
be
80%
did
80%
don't
80%
For
80%
He
80%
he
80%
hear
80%
I
80%
in
80%
In
80%
it
80%
know
80%
me
80%
my
80%
My
80%
no
80%
on
80%
one
80%
out
80%
that
80%
to
80%
To
80%
was
80%
we
80%
we're
80%
where
80%
who
80%
you
80%
and
70%
And
70%
at
70%
But
70%
dreams
70%
her
70%
his
70%
Now
70%
now
70%
of
70%
oh)
70%
what
70%
again
60%
As
60%
back
60%
Fresh
60%
(Fresh
60%
(fresh
60%
girl
60%
going
60%
home
60%
how
60%
I'm
60%
it's
60%
I've
60%
just
60%
never
60%
slammer,
60%
still
60%
time
60%
used
60%
will
60%
with
60%
wouldn't
60%
by
50%
call
50%
done.
50%
first
50%
gonna
50%
house
50%
light
50%
running
50%
said
50%
says
50%
those
50%
up,
50%
up
50%
Ain't
40%
alright,
40%
baby
40%
baby,
40%
friends
40%
Get
40%
Here,
40%
lose
40%
nights
40%
off
40%
pretty
40%
spell
40%
taking
40%
under
40%
Watch
40%
way
40%
American
30%
anyway
30%
better
30%
children's
30%
cover,
30%
daily
30%
disappearing
30%
feeling
30%
gleams
30%
glimpse
30%
Handcuffed
30%
hour
30%
imaginary
30%
into
30%
kept
30%
labor,
30%
line,
30%
matter
30%
park
30%
poems
30%
rings
30%
screw
30%
shade
30%
sit
30%
smile
30%
stake
30%
starting
30%
summer
30%
sunshine
30%
swings
30%
Swirled
30%
tried,
30%
tunnels
30%
understand
30%
wait
30%
Wearing
30%
what's
30%
winter,
30%
Another
20%
ashes
20%
blue
20%
fights
20%
ledge
20%
letters,
20%
locks
20%
porch
20%
thunder
20%
toss
20%
Year
20%
bashes
10%
ceilings
10%
Gray
10%
matches,
10%
rolling
10%
Splintered
10%
welcome
10%
bitter
0%
Camera
0%
dinners,
0%
flashes,
0%
silent
0%
No matching quizzes found
Score Distribution
Percent of People with Each Score
Percentile by Number Answered
Your Score History
You have not taken this quiz